|
|
|
|
| LEADER |
03062nam a2200337 a 4500 |
| 001 |
4491617 |
| 008 |
100111s1998 caua 001 0 eng d |
| 010 |
|
|
|a 97045263
|
| 020 |
|
|
|a 0787910066 (cloth : acid-free paper)
|
| 040 |
|
|
|a DLC
|c DLC
|d DLC
|d BD-DhAAL
|
| 082 |
0 |
0 |
|a 307
|2 21
|
| 999 |
|
|
|c 6889
|d 6889
|
| 999 |
|
|
|c 6889
|
| 245 |
0 |
4 |
|a The Community of the future / Frances Hesselbein, ... [et al.], editors.
|
| 250 |
|
|
|a 1st ed.
|
| 260 |
|
|
|a San Francisco :
|b Jossey-Bass,
|c c1998.
|
| 300 |
|
|
|a xiv, 285 p. :
|b ill. ;
|c 24 cm.
|
| 490 |
0 |
|
|a Drucker Foundation future series
|
| 500 |
|
|
|a Includes index.
|
| 505 |
0 |
|
|a The paradox and promise of community / Margaret J. Wheatley, Myron Kellner-Rogers -- Economic community and social investment / Lester C. Thurow -- The future-capability of society / Rita Süssmuth -- How boomers, churches, and entrepreneurs can transform society / Bob Buford -- The ideal community / Stephen R. Covey -- Wisdom as capital in prosperous communities / Claire L. Gaudiani -- Diversity in community / Roosevelt Thomas -- Lessons from Sevagram Ashram / Arun Gandhi -- Communications technology in dynamic organizational communities / James L. Barksdale -- Global communications and communities of choice / Marshall Goldsmith -- Virtual communities / Howard Rheingold -- Building community in the workplace / Gifford Pinchot -- Managing for results in the community of the future / James L. Heskett -- Six practices for creating organizational communities / Dave Ulrich -- Opportunities in the global economy / Maria Livanos Cattaui -- The dream that lies before us / Frances Hesselbein -- High-tech inner city community development / Noel M. Tichy, Andrew R. McGill, Lynda St. Clair -- Twenty-first-century leadership in the African American community / Bobby William Austin and Andrew J. Young -- Gaining equal access to economic power / Hugh B. Price -- The new American identity / Raul Yzaguirre -- Five building blocks for successful communities / Suzanne W. Morse -- Our children are the community of the future / Richard F. Schubert and Rick R. Little -- Community in the Third and Fourth worlds / Inonge Mbikusita-Lewanika -- Anticipating the community of the future / Jaime A. Zobel de Ayala.
|
| 541 |
1 |
|
|e 00008027
|
| 650 |
|
0 |
|a Communities.
|9 7519
|
| 650 |
|
0 |
|a Community life.
|9 7520
|
| 650 |
|
0 |
|a Forecasting.
|9 7521
|
| 700 |
1 |
|
|a Hesselbein, Frances.
|9 7522
|
| 852 |
4 |
|
|a Ayesha Abed Library
|j General shelf
|
| 942 |
|
|
|2 ddc
|c BK
|
| 952 |
|
|
|0 0
|1 0
|2 ddc
|4 0
|6 307_COM_199800000000000
|7 0
|9 7100
|a BRACUL
|b BRACUL
|c GEN
|d 2010-01-12
|l 0
|o 307 COM
|p 3010008027
|r 2010-01-12
|t 1
|w 2010-01-12
|y BK
|
| 952 |
|
|
|0 0
|1 0
|2 ddc
|4 0
|6 307_COM_199800000000000
|7 0
|9 7137
|a BRACUL
|b BRACUL
|c GEN
|d 2010-01-12
|l 0
|o 307 COM
|p 3010008028
|r 2010-01-12
|t 2
|w 2010-01-12
|y BK
|
| 952 |
|
|
|0 0
|1 0
|2 ddc
|4 0
|6 307_000000000000000_COM
|7 0
|9 42891
|a SCL
|b SCL
|c GEN
|d 1998-11-10
|l 0
|o 307 COM
|p 3020000420
|r 2014-07-05
|t 3
|w 2014-07-05
|y BK
|
| 952 |
|
|
|0 0
|1 0
|2 ddc
|4 0
|6 307_000000000000000_COM
|7 0
|9 42892
|a SCL
|b SCL
|c GEN
|d 2001-09-13
|l 0
|o 307 COM
|p 3020003371
|r 2014-07-05
|t 4
|w 2014-07-05
|y BK
|